000 01120cam a22002894a 4500
001 12734453
005 20250201184843.0
008 020409s2002 nyua b 001 0 eng
020 _a9780071352949
050 0 0 _aRC86.7
_b.A85 2002
082 0 0 _a616.02/5
_221
245 0 0 _aAtlas of emergency medicine /
_ceditors, Kevin J. Knoop, Lawrence B. Stack, Alan B. Storrow.
250 _a2nd ed.
260 _aNew York :
_bMcGraw-Hill, Medical Pub. Division,
_cc2002.
300 _axxxv, 705 p. :
_bcol. ill. ;
_c29 cm.
650 0 _aEmergency medicine
_vAtlases.
650 1 2 _aEmergency Medicine
_xmethods
_vAtlases.
650 2 2 _aCritical Care
_xmethods
_vAtlases.
650 2 2 _aEmergencies
_vAtlases.
700 1 _aKnoop, Kevin J.
700 1 _aStack, Lawrence B.
700 1 _aStorrow, Alan B.
856 4 2 _3Contributor biographical information
_uhttp://www.loc.gov/catdir/bios/mh041/2002067849.html
856 4 2 _3Publisher description
_uhttp://www.loc.gov/catdir/description/mh022/2002067849.html
856 4 1 _3Table of contents
_uhttp://www.loc.gov/catdir/toc/mh023/2002067849.html
942 _2lcc
_cBK
_e2nd ed.
_n0
999 _c3360
_d3360